000 00250 a2200097 4500
001 29753
100 _aSonde
245 _aMonographs on solid state electronic instrumentation data converters (Vol-III)
260 _a
_bTata
_c
090 _c19770
_d19770
942 _aNUST-CAE
_cM
_c10858
999 _c264826
_d264826